000 01002nam a22002297a 4500
001 325
003 FISKH
005 20230321132410.0
008 230321b cb ||||| |||| 00| 0 eng d
040 _aFISKH
_beng
_cFISKH
_dFISKH
082 _a823.92
100 _aBehrent, Sue
245 _aMasters of the swooniverse
_bMusic island missions
_cT Shrewman
260 _aLondon
_bPuffin
_c2013
300 _a141 p.
_c20 cm.
490 _aMusic Island Missions
_vv. 3
505 _aK
520 _aJoin the Super Moshis in their third Music Island Mission - an all-new series from Moshi Monsters! The Rhapsody 2's steering wheel is at the bottom of the Seventy Seas. Its last crew member is still missing. And Dr Strangeglove is lurking in the shadows. Can the Super Moshis brave the creepy Gooey Galleon, rescue Splutnik from Jollywood and unravel the mystery of the giant star . . . before Monstro City is destroyed forever?
521 8 _a600
_bLexile
521 8 _aK
_bRaz-Plus
942 _2ddc
_cBK
_n0
999 _c325
_d325